Auditing : An Integrated Approach. (Record no. 1543)

MARC details
005 - DATE AND TIME OF LATEST TRANSACTION
control field 20250417100932.0
020 ## - INTERNATIONAL STANDARD BOOK NUMBER
International Standard Book Number 0-13-051780-1
082 ## - DEWEY DECIMAL CLASSIFICATION NUMBER
Classification number 657.45 ARE
100 ## - MAIN ENTRY--PERSONAL NAME
Author name ARENS, A. A.
245 ## - TITLE STATEMENT
Title Auditing : An Integrated Approach.
250 ## - EDITION STATEMENT
Edition statement 3rd Ed.
260 ## - PUBLICATION, DISTRIBUTION, ETC.
Place of publication, distribution, etc. Canada,
Name of publisher, distributor, etc. Prentice-hill Canada Inc,
Date of publication, distribution, etc. 1984.
300 ## - PHYSICAL DESCRIPTION
Extent xiii,880p.: Ill.;figures
Other physical details Index
Dimensions 23cm.
700 ## - ADDED ENTRY--PERSONAL NAME
Other authors/Editors LOEBBECKE, J. K. & LEMON, W. M.
942 ## - ADDED ENTRY ELEMENTS (KOHA)
Source of classification or shelving scheme Dewey Decimal Classification
Koha item type Books
Holdings
Date last seen Total checkouts Full call number Barcode Cost, replacement price Price effective from Koha item type Lost status Source of classification or shelving scheme Damaged status Not for loan Withdrawn status Home library Current library Shelving location Date acquired Cost, normal purchase price Source of acquisition
06/29/2025   657.45 ARE DOM0003297 36000.00 04/17/2025 Books   Dewey Decimal Classification       CBE Dodoma CBE Dodoma General Collection 01/07/1986 12000.00 Library budget
04/17/2025   657. 45 ARE 0000005948 36000.00 04/17/2025 Books   Dewey Decimal Classification       College of Business Education Main Library College of Business Education Main Library General Collection 04/17/2025 12000.00  
04/17/2025   657.45 ARE 0000005954 36000.00 04/17/2025 Books   Dewey Decimal Classification       College of Business Education Main Library College of Business Education Main Library General Collection 04/17/2025 12000.00